000
00239nam a2200109Ia 4500
008
220204s9999 xx 000 0 und d
082
_a
82-3
_b
BAR
100
_a
Barlow, James
245
0
_a
Liner
260
_a
London
_b
Pan
_c
1977
942
_c
BK
999
_c
29285
_d
29285